<?xml version="1.0" encoding="UTF-8"?>
<record
    xmlns:xsi="http://www.w3.org/2001/XMLSchema-instance"
    xsi:schemaLocation="http://www.loc.gov/MARC21/slim http://www.loc.gov/standards/marcxml/schema/MARC21slim.xsd"
    xmlns="http://www.loc.gov/MARC21/slim">

  <leader>01668cam a2200277   4500</leader>
  <controlfield tag="008">030917s1999    ag            000 0 spa u</controlfield>
  <datafield tag="020" ind1=" " ind2=" ">
    <subfield code="a">9505085273</subfield>
  </datafield>
  <datafield tag="035" ind1=" " ind2=" ">
    <subfield code="a">a431883</subfield>
  </datafield>
  <datafield tag="050" ind1="0" ind2="4">
    <subfield code="a">KKH834 </subfield>
    <subfield code="b">V57 1999</subfield>
  </datafield>
  <datafield tag="100" ind1="1" ind2=" ">
    <subfield code="a">Visintini, Giovanna.</subfield>
  </datafield>
  <datafield tag="245" ind1="1" ind2="0">
    <subfield code="a">Tratado de la responsabiblidad civil / </subfield>
    <subfield code="c">Giovanna Visintini; traducci&#xF3;n de A&#xED;da Kemelmajer de Carlucci; colaboraci&#xF3;n de Mar&#xED;a L. Atienza Navarro...[et..al].</subfield>
  </datafield>
  <datafield tag="260" ind1=" " ind2=" ">
    <subfield code="a">Buenos Aires, Argentina :</subfield>
    <subfield code="b">Astrea de Alfredo y Ricardo Depalma, </subfield>
    <subfield code="c">1999</subfield>
  </datafield>
  <datafield tag="300" ind1=" " ind2=" ">
    <subfield code="a">2 v. ; 23 cm.</subfield>
  </datafield>
  <datafield tag="500" ind1=" " ind2=" ">
    <subfield code="a">T&#xED;tulo original en italiano : Trattato breve della responsabilit&#xE1; civile.</subfield>
  </datafield>
  <datafield tag="500" ind1=" " ind2=" ">
    <subfield code="a">Recursos de la Direcci&#xF3;n General de Bibliotecas.</subfield>
  </datafield>
  <datafield tag="504" ind1=" " ind2=" ">
    <subfield code="a">Incluye bibliograf&#xED;a e &#xED;ndice alfab&#xE9;tico</subfield>
  </datafield>
  <datafield tag="505" ind1="0" ind2="0">
    <subfield code="a">Contenido : </subfield>
    <subfield code="g">V.1. </subfield>
    <subfield code="t">La culpa como criterio de imputaci&#xF3;n de la responsabilidad. Incumplimiento y responsabiblidad del deudor. Culpa aquiliana y culpa contractual. La culpa profesional. El dolo. -- </subfield>
    <subfield code="g">V.2. </subfield>
    <subfield code="t">El da&#xF1;o. Otros criterios de imputaci&#xF3;n. Imputabilidad y causas de justificaci&#xF3;n. Da&#xF1;o resarcible y nexo causal. Responsabilidad por el hecho ajeno. Da&#xF1;os derivados de las cosas inanimadas, de los animales, de los productos defectuosos y de la actividad peligrosa.</subfield>
  </datafield>
  <datafield tag="650" ind1="1" ind2="0">
    <subfield code="a">Actos il&#xED;citos </subfield>
    <subfield code="z">Italia</subfield>
  </datafield>
  <datafield tag="650" ind1="2" ind2="0">
    <subfield code="a">Responsabilidad extracontractual </subfield>
    <subfield code="z">Italia</subfield>
  </datafield>
  <datafield tag="700" ind1="1" ind2=" ">
    <subfield code="a">Kemelmajer de Carlucci, A&#xED;da, </subfield>
    <subfield code="e">traducci&#xF3;n.</subfield>
  </datafield>
  <datafield tag="700" ind1="1" ind2=" ">
    <subfield code="a">Atienza Navarro, Mar&#xED;a L., </subfield>
    <subfield code="e">colaboraci&#xF3;n.</subfield>
  </datafield>
  <datafield tag="700" ind1="1" ind2=" ">
    <subfield code="a">Bossio, Paz, </subfield>
    <subfield code="e">colaboraci&#xF3;n.</subfield>
  </datafield>
  <datafield tag="700" ind1="1" ind2=" ">
    <subfield code="a">Espinoza-Espinoza, Juan, </subfield>
    <subfield code="e">colaboraci&#xF3;n.</subfield>
  </datafield>
  <datafield tag="700" ind1="1" ind2=" ">
    <subfield code="a">Longhin, Fabricio, </subfield>
    <subfield code="e">colaboraci&#xF3;n.</subfield>
  </datafield>
  <datafield tag="700" ind1="1" ind2=" ">
    <subfield code="a">Woolcott Oyag&#xFC;e, Olenka, </subfield>
    <subfield code="e">colaboraci&#xF3;n.</subfield>
  </datafield>
  <datafield tag="942" ind1=" " ind2=" ">
    <subfield code="2">lcc</subfield>
    <subfield code="c">LIB</subfield>
  </datafield>
  <datafield tag="999" ind1=" " ind2=" ">
    <subfield code="c">147469</subfield>
    <subfield code="d">147467</subfield>
  </datafield>
  <datafield tag="952" ind1=" " ind2=" ">
    <subfield code="1">0</subfield>
    <subfield code="2">lcc</subfield>
    <subfield code="4">0</subfield>
    <subfield code="7">0</subfield>
    <subfield code="a">LIC-002</subfield>
    <subfield code="b">LIC-002</subfield>
    <subfield code="c">GENERAL</subfield>
    <subfield code="d">2022-05-04</subfield>
    <subfield code="f">1a ed.</subfield>
    <subfield code="h">V:1</subfield>
    <subfield code="i">D</subfield>
    <subfield code="k">CSA</subfield>
    <subfield code="l">0</subfield>
    <subfield code="o">KKH834 V57 1999</subfield>
    <subfield code="p">BFD000013132</subfield>
    <subfield code="r">2022-05-04 00:00:00</subfield>
    <subfield code="t">1</subfield>
    <subfield code="v">1.00</subfield>
    <subfield code="y">LIB</subfield>
  </datafield>
  <datafield tag="952" ind1=" " ind2=" ">
    <subfield code="1">0</subfield>
    <subfield code="2">lcc</subfield>
    <subfield code="4">0</subfield>
    <subfield code="7">0</subfield>
    <subfield code="a">LIC-002</subfield>
    <subfield code="b">LIC-002</subfield>
    <subfield code="c">GENERAL</subfield>
    <subfield code="d">2022-05-04</subfield>
    <subfield code="f">1a ed.</subfield>
    <subfield code="h">V:2</subfield>
    <subfield code="i">D</subfield>
    <subfield code="k">CSA</subfield>
    <subfield code="l">0</subfield>
    <subfield code="o">KKH834 V57 1999</subfield>
    <subfield code="p">BFD000013133</subfield>
    <subfield code="r">2022-05-04 00:00:00</subfield>
    <subfield code="t">2</subfield>
    <subfield code="v">1.00</subfield>
    <subfield code="y">LIB</subfield>
  </datafield>
</record>
